000 00739nam a2200241Ia 4500
003 OSt
005 20220923215851.0
006 a|||||r|||| 00| 0
007 ta
008 220922b |||||||| |||| 00| 0 hin d
024 _a182,375
037 _cTextual
040 _aARTS
_cARTS
_bhin
041 _2hin
_ahin
082 _aO152,1N11:g, N4
100 _aकमल कुमार
245 0 _aअज्ञेय की काव्य संवेदना
246 _aAjnyeya kī kāvya sanvedanā
260 _aदिल्ली
_b प्रेम प्रकाशन
_c1994
300 _a235 पृ.
_ccm.
942 _hO152,1N11:g, N4
_cTEXL
_2CC
999 _c335739
_d335739